000 00629nam a2200193Ia 4500
003 GCL
008 140319s9999 xx 000 0 ara d
040 _aGCL /
_cGCL
082 0 4 _a726.1
_bع د
100 1 _aعبدالسلام احمد نظيف
245 1 0 _aدراسات فى العمارة الاسلامية /
_cعبدالسلام احمد نظيف
300 _a475 ص
490 _aالهيئة العامة للاستعلامات
_v0
650 0 4 _aالعمارة الاسلامية
650 0 4 _aالاثار الاسلامية
650 0 4 _aالماذن
650 0 4 _aالمساجد - عمارة
942 _2ddc
_cBK
999 _c52042
_d52042